| 000 | 00594nam a2200157 a 4500 | ||
|---|---|---|---|
| 001 | 000029183 | ||
| 005 | 20200930055400.0 | ||
| 008 | 110303s2007 dr 000 0 spa d | ||
| 040 |
_aDO-SdBNP _bspa _cBNPHU |
||
| 082 |
_axxx _bF356 |
||
| 111 | 2 |
_aFeria Regional del Libro _n(4a. : _d2007 abr. - octubre 30 al 4 de noviembre _cSan Juan, República Dominicana) _956102 |
|
| 245 | 1 | 0 |
_aPrograma : _bla lectura ofrece otro punto de vista. |
| 260 |
_aSan Juan, República Dominicana : _bDirección General de la Feria del Libro, _c2007 _fEdiciones Ferilibro |
||
| 300 |
_a79 p. ; _c23 cm. |
||
| 049 | _aBNPD | ||
| 999 |
_c28675 _d28675 |
||